00464nam a2200193Ia 4500008004100000020001800041050001400059100002100073245002300094245002400117260001500141260001600156260000900172300001400181300002700195300001000222300003000232500000800262170918s9999 xx 000 0 und d a9780439389895 bB852 2002 aBridwell, Norman 4aThe big bad clod / cby Norman Bridwell. aNew York : bScholastic, c2002 aunpaged : bcolored illustration ; c23cm. eClifford the big red dog. a120